01129nam a22001817a 450000500170000000800410001702000180005804000070007604100080008308200180009110000310010924500360014026000290017630000270020536500620023252006380029465000150093220230323114559.0230104b ||||| |||| 00| 0 eng d a9780415964821 cAL aeng 223a809bSPIO aGayatri Chakravorty Spivak aOutside in the teaching machine aNewYorkbRoutledgec2012 axv,375p.bPBc19x13cm. 2Generala1834b₹591.00c₹d₹695.00e15%f12-12-2022 aGayatri Chakravorty Spivak is one of the most pre-eminent postcolonial theorists writing today and a scholar of genuinely global reputation. This collection, first published in 1993, presents some of Spivak’s most engaging essays on works of literature such as Salman Rushdie's controversial Satanic Verses, and twentieth century thinkers such as Jacques Derrida and Karl Marx. Spivak relentlessly questions and deconstructs power structures where ever they operate. In doing so, she provides a voice for those who can not speak, proving that the true work of resistance takes place in the margins, Outside in the Teaching Machine. aLiterature